[Event "Reykjavik op"]
[White "Pollitt, Henry"]
[Black "Jelsma, Remco"]
[Site "Reykjavik"]
[Round "9"]
[Result "1/2-1/2"]
[Date "2024.03.21"]
[WhiteElo "1674"]
[BlackElo "1802"]
[PlyCount "50"]
[EventDate "2024.03.15"]
[EventType "swiss"]
[EventRounds "9"]
[EventCountry "ISL"]
[SourceTitle "CBM 219 Extra"]
[Source "ChessBase"]
[SourceDate "2024.05.31"]
[SourceVersion "1"]
[SourceVersionDate "2024.05.31"]
[SourceQuality "1"]

1. e4 c5 2. c3 d5 3. exd5 Qxd5 4. d4 Nc6 5. Nf3 Nf6 6. Be3 cxd4 7. cxd4 e6 8. Nc3 Qd8 9. Bc4 Nd5 10. 0-0 Be7 11. Bxd5 exd5 12. Ne5 0-0 13. Nxc6 bxc6 14. Rc1 a5 15. Na4 Ba6 16. Re1 Bb4 17. Bd2 Bb5 18. Nc5 Bxc5 19. Rxc5 a4 20. Re3 Qh4 21. Bb4 Rfe8 22. Qe1 Re4 23. Rxe4 Qxe4 24. Qxe4 dxe4 25. Re5 Bd3 1/2-1/2

[Event "Reykjavik op"]
[White "Jelsma, Remco"]
[Black "Ostensson, Julia"]
[Site "Reykjavik"]
[Round "2"]
[Result "0-1"]
[Date "2024.03.16"]
[WhiteElo "1802"]
[BlackElo "1996"]
[PlyCount "61"]
[EventDate "2024.03.15"]
[EventType "swiss"]
[EventRounds "9"]
[EventCountry "ISL"]
[SourceTitle "CBM 219 Extra"]
[Source "ChessBase"]
[SourceDate "2024.05.31"]
[SourceVersion "1"]
[SourceVersionDate "2024.05.31"]
[SourceQuality "1"]

1. d4 Nf6 2. Nc3 d6 3. e4 Nbd7 4. f4 e5 5. Nf3 exd4 6. Qxd4 c6 7. Be3 d5 8. exd5 Bc5 9. Qd2 Qe7 10. Nd4 Ng4 11. 0-0-0 Nxe3 12. Re1 0-0 13. Rxe3 Qf6 14. Nce2 Nb6 15. Qd3 Nxd5 16. Re4 Rd8 17. g3 Bf5 18. Nxf5 Ne3 19. Nxe3 Rxd3 20. cxd3 Rd8 21. d4 Bb6 22. Nc4 Bc7 23. Nc3 h6 24. Bd3 b5 25. Rhe1 g6 26. Ne5 Kg7 27. g4 Bb6 28. g5 hxg5 29. fxg5 Qxg5+ 30. Kc2 Bxd4 31. Nxc6 0-1

[Event "Reykjavik op"]
[White "Asgeirsson, Adalsteinn Egill"]
[Black "Jelsma, Remco"]
[Site "Reykjavik"]
[Round "1"]
[Result "0-1"]
[Date "2024.03.15"]
[WhiteElo "1434"]
[BlackElo "1802"]
[PlyCount "54"]
[EventDate "2024.03.15"]
[EventType "swiss"]
[EventRounds "9"]
[EventCountry "ISL"]
[SourceTitle "CBM 219 Extra"]
[Source "ChessBase"]
[SourceDate "2024.05.31"]
[SourceVersion "1"]
[SourceVersionDate "2024.05.31"]
[SourceQuality "1"]

1. e4 c5 2. Nc3 Nc6 3. Bc4 e6 4. f4 a6 5. a4 d6 6. Nf3 Nf6 7. d4 cxd4 8. Nxd4 Nxe4 9. Nxe4 d5 10. Nxc6 bxc6 11. Bxd5 cxd5 12. Ng5 Qf6 13. 0-0 Bc5+ 14. Kh1 h6 15. Nf3 0-0 16. Qd3 a5 17. Ne5 Ba6 18. c4 dxc4 19. Nxc4 Rfd8 20. Qc2 Rd4 21. b3 Rxc4 22. bxc4 Qxa1 23. f5 Qd4 24. fxe6 Qxc4 25. Qxc4 Bxc4 26. Rxf7 Bxe6 27. Rc7 Rd8 0-1